000 00344nam a2200121Ia 4500
008 160609s9999 xx 000 0 und d
100 _aGong, Guang.
245 _aCommunication System Security
245 _cBy:Guang Gong, Lidong Chen
260 _c2012
650 _xBROADCAST COMMUNICATION
856 _uhttp://file.ebook777.com/ComSysSec.pdf
999 _c295602
_d295602